HIDDEN CHAMPIONS OF THE TWENTY FIRST CEN (Record no. 15542)

MARC details
000 -LEADER
fixed length control field 00330nam a2200133Ia 4500
008 - FIXED-LENGTH DATA ELEMENTS--GENERAL INFORMATION
fixed length control field 240624s9999 xx 000 0 und d
041 ## - LANGUAGE CODE
Language code of text/sound track or separate title eng
082 ## - DEWEY DECIMAL CLASSIFICATION NUMBER
Classification number 338.7 SIM
100 ## - MAIN ENTRY--PERSONAL NAME
Personal name SIMON HERMANN
245 ## - TITLE STATEMENT
Title HIDDEN CHAMPIONS OF THE TWENTY FIRST CEN
260 ## - PUBLICATION, DISTRIBUTION, ETC.
Date of publication, distribution, etc. 2009
Place of publication, distribution, etc. Germany
Name of publisher, distributor, etc. Springer
300 ## - PHYSICAL DESCRIPTION
Extent 402 : p.
365 ## - TRADE PRICE
Currency code ERU
Price amount 27
Holdings
Withdrawn status Lost status Damaged status Not for loan Home library Current library Shelving location Date acquired Source of acquisition Cost, normal purchase price Full call number Barcode Date last seen Copy number Price effective from Koha item type
        IMTN IMTN Rack 13-A 09/03/2010 BWE 34.95 338.7 SIM 15542 06/24/2024 63.3 06/24/2024 Books
Designed & Maintained by: LRC IMT Nagpur Contact: lrc@imtnag.ac.in© 2024. All Rights Reserved.